| 000 | 00515nam a22001577a 4500 | ||
|---|---|---|---|
| 999 |
_c9421 _d9421 |
||
| 008 | 210410b ||||| |||| 00| 0 eng d | ||
| 040 | _aBMS College of Architecture | ||
| 100 | _aSheriff, Anjum Vaseem | ||
| 245 | _aTypology of the contemporary urban plaza | ||
| 300 | _a105p. | ||
| 500 | _a1BM05AHD10 | ||
| 502 |
_8M.Arch (Habitat Design) _NBMS College of Architecture, Visvesvaraya Technological University _aDissertation _d2007 |
||
| 650 | _aContemporary | ||
| 700 |
_aSathish S Rao _eGuide |
||
| 942 |
_2ddc _cPGTHE |
||